| Tag |
First Indicator |
Second Indicator |
Subfields |
| LEADER |
00000cam a2200000 a 4500 |
| 001 |
in00003853813 |
| 005 |
20190415182042.0 |
| 006 |
m o d |
| 007 |
cr |n||||||||n |
| 008 |
810722s1875 be os 000 0 fre d |
| 035 |
|
|
|a (MiFhGG)MOMW201143
|
| 035 |
|
|
|a (OCoLC)778040818
|
| 040 |
|
|
|a TGPSM
|c UtOrBLW
|d UtOrBLW
|
| 041 |
1 |
|
|a fre
|h ger
|
| 043 |
|
|
|a e------
|
| 050 |
|
4 |
|a HD6971
|b .W578 1875
|
| 100 |
1 |
|
|a Wirth, Max,
|d 1822-1900.
|0 http://id.loc.gov/authorities/names/no93010988
|
| 245 |
1 |
0 |
|a Lois du travail au XIXe siècle /
|c Max. Wirth ; traduit de l'allemand par la baronne de Crombrugghe.
|
| 250 |
|
|
|a 2. éd.
|
| 264 |
|
1 |
|a Bruxelles :
|b Libr. C. Marquardt,
|c 1875.
|
| 264 |
|
3 |
|a Gand :
|b I.-S. Vau Doosselaere
|
| 300 |
|
|
|a 1 online resource (viii, 516 pages).
|
| 336 |
|
|
|a text
|b txt
|2 rdacontent
|
| 337 |
|
|
|a computer
|b c
|2 rdamedia
|
| 338 |
|
|
|a online resource
|b cr
|2 rdacarrier
|
| 490 |
1 |
|
|a The making of the modern world. Part 2 (1851-1914)
|
| 500 |
|
|
|a Translation of: "Beiträge zur socialen Frage" (published in Köln, 1873, as volume 4 of the author's: "Grundzüge der National-Oekonomie").
|
| 500 |
|
|
|a "Traduction autorisée par l'auteur."
|
| 500 |
|
|
|a Reproduction of the original from the University of Kansas.
|
| 500 |
|
|
|a Electronic resource.
|
| 650 |
|
0 |
|a Working class.
|0 http://id.loc.gov/authorities/subjects/sh85073639
|
| 650 |
|
0 |
|a Labor movement.
|0 http://id.loc.gov/authorities/subjects/sh89000876
|
| 650 |
|
0 |
|a Labor.
|0 http://id.loc.gov/authorities/subjects/sh90004091
|
| 650 |
|
0 |
|a Labor laws and legislation.
|0 http://id.loc.gov/authorities/subjects/sh85073691
|
| 650 |
|
0 |
|a Economics.
|0 http://id.loc.gov/authorities/subjects/sh85040850
|
| 650 |
|
0 |
|a Working class
|z Europe
|v Statistics.
|
| 655 |
|
7 |
|a Electronic books.
|2 local
|
| 700 |
1 |
|
|a Crombrugghe, Ida Caroline Eugènie Ghislaine de Kerchove de Denterghem,
|c baronne de,
|d 1820-1875.
|
| 710 |
2 |
|
|a Gale (Firm)
|0 http://id.loc.gov/authorities/names/no2008071348
|
| 740 |
0 |
|
|a Beiträge zur socialen Frage.
|
| 740 |
0 |
|
|a Grundzüge der National-Oekonomie.
|
| 830 |
|
0 |
|a Making of the modern world. Part 2 (1851-1914)
|
| 856 |
4 |
0 |
|u http://proxy.library.tamu.edu/login?url=http://find.galegroup.com/openurl/openurl?url_ver=Z39.88-2004&url_ctx_fmt=info:ofi/fmt:kev:mtx:ctx&res_id=info:sid/gale:MOME&ctx_enc=info:ofi:enc:UTF-8&rft_val_fmt=info:ofi/fmt:kev:mtx:unknown&rft.artnum=U112532686&req_dat=info:sid/gale:ugnid:txshracd2898
|z Connect to the full text of this electronic book
|t 0
|
| 999 |
f |
f |
|s 3cb120cf-4913-314f-9d79-ba714ce1d7c4
|i c57dcc22-41cc-3296-822f-1df045588d3d
|t 0
|
| 952 |
f |
f |
|a Texas A&M University
|b College Station
|c Electronic Resources
|d Available Online
|t 0
|e HD6971 .W578 1875
|h Library of Congress classification
|
| 998 |
f |
f |
|a HD6971 .W578 1875
|t 0
|l Available Online
|